000 00615nam a2200241 a 4500
001 0001-1243
003 ELIB.Books
008 150603 2010 eng
020 _a0914903802
035 _a(ELIB.Books)0001-1398
092 _a264.2
_bBos
100 _aBoschman, LaMar
245 _aThe Rebirth of Music:
260 _aShippensburg
_bDestiny Image Publishers, Inc.
_c1980
300 _a118
_c21.5 Cm
500 _aC/o Moe Tarmalar Paw
650 _aMusic
856 _nKBTS: Library
_uKBTS: Elib
942 _2ddc
_cBK
990 _a2
998 _cbat
_e2015-06-03
999 _c11243
_d11243